LEADER 00802nam0-22003011--450- 001 990009228120403321 005 20100928094507.0 035 $a000922812 035 $aFED01000922812 035 $a(Aleph)000922812FED01 035 $a000922812 100 $a20100928d1958----km-y0itay50------ba 101 0 $aita 102 $aIT 105 $ay-------001yy 200 1 $aConsulti medici$fFrancesco Redi 210 $aTorino$cBoringhieri$d1958 215 $a265 p.$d21 cm 225 1 $aEnciclopedia di autori classici$v12 676 $a610.9$v15$zita 700 1$aRedi,$bFrancesco$f<1626-1698>$087223 801 0$aIT$bUNINA$gRICA$2UNIMARC 901 $aBK 912 $a990009228120403321 952 $aXI REDI 1$b86074$fFGBC 959 $aFGBC 996 $aConsulti medici$9747043 997 $aUNINA LEADER 01531nas 2200529- 450 001 996343850203316 005 20221207000611.0 035 $a(OCoLC)639600475 035 $a(CKB)110978978959366 035 $a(CONSER)--2020256346 035 $a(DE-599)ZDB2756389-3 035 $a(EXLCZ)99110978978959366 100 $a20100609a19979999 --- - 101 0 $acze 135 $aur||||||||||| 181 $ctxt$2rdacontent 182 $cc$2rdamedia 183 $acr$2rdacarrier 200 00$aMusicologica Brunensia 210 1$aBrno :$cFilozofická fakulta, Masarykova univerzita,$d1998- 215 $a1 online resource 300 $aRefereed/Peer-reviewed 311 $a1212-0391 531 1 $aMusicol. Brun. 606 $aMusic$vPeriodicals 606 $aMusicology$zCzech Republic$vPeriodicals 606 $aMuzikologie$2czenas 606 $aMusicology$2czenas 606 $aMusic$2fast$3(OCoLC)fst01030269 606 $aMusicology$2fast$3(OCoLC)fst01030893 606 $aMuziekwetenschap$2gtt 607 $aCzech Republic$2fast 608 $aPeriodicals.$2fast 608 $aPeriodicals.$2lcgft 615 0$aMusic 615 0$aMusicology 615 07$aMuzikologie. 615 07$aMusicology. 615 7$aMusic. 615 7$aMusicology. 615 17$aMuziekwetenschap. 686 $a24.40$2bcl 712 02$aMasarykova univerzita v Brn?.$bFilozofická fakulta, 906 $aJOURNAL 912 $a996343850203316 996 $aMusicologica Brunensia$92092503 997 $aUNISA